| 000 | 00601nam a2200205 a 4500 | ||
|---|---|---|---|
| 003 | MX-MxUPN | ||
| 005 | 20240323063633.0 | ||
| 008 | 991125s1919 xxua r 000 0 spa d | ||
| 035 | _aUPN01000003086 | ||
| 040 |
_aMX-MxUPN _bspa _cMX-MxUPN |
||
| 041 | 0 | _aspa | |
| 050 | 1 | 4 |
_aDF215 _bM3.2 |
| 100 | 1 |
_aMahaffy, John Pentland, _d1839-1919 _930587 |
|
| 245 | 1 | 0 |
_aAntigüedades griegas / _cpor J. P. Mahaffy. |
| 260 |
_aNew York : _bD. Appleton, _c1919. |
||
| 300 |
_a144 páginas : _bilustraciones |
||
| 490 | 0 |
_aCartillas históricas ; _v1 |
|
| 651 | 4 |
_aGrecia _xCivilización _96890 |
|
| 942 |
_2lcc _cLIBRO |
||
| 999 |
_c3086 _d3086 |
||